Lung tissue lobar and focal consolidation syndrome. Lung cavity syndrome (Запись № 13539828)

Подробности
000 -МАРКЕР
контрольное поле 02116nam0a2200397 4500
001 - ИДЕНТИФИКАТОР ЗАПИСИ
контрольное поле RU\NLR\BIBL_A\022675031
005 - ИДЕНТИФИКАТОР ВЕРСИИ
контрольное поле 20260201142129.0
010 ## - МЕЖДУНАРОДНЫЙ СТАНДАРТНЫЙ НОМЕР КНИГИ (ISBN)
Номер (ISBN) 978-5-907993-49-5
Тираж 50
035 ## - ДРУГИЕ СИСТЕМНЫЕ НОМЕРА
Идентификатор записи (NLR Aleph) 022675031
100 ## - ДАННЫЕ ОБЩЕЙ ОБРАБОТКИ
Данные общей обработки 20251128d2025 k y0rusy50 ca
101 0# - ЯЗЫК РЕСУРСА
Язык текста, звукозаписи и т.д. английский
102 ## - СТРАНА ПУБЛИКАЦИИ ИЛИ ПРОИЗВОДСТВА
Страна публикации российская федерация
105 ## - ПОЛЕ КОДИРОВАННЫХ ДАННЫХ: ТЕКСТОВЫЕ МАТЕРИАЛЫ, МОНОГРАФИЧЕСКИЕ
Кодированные данные о монографическом текстовом документе a j 000yy
181 #0 - ПОЛЕ КОДИРОВАННЫХ ДАННЫХ: ВИД СОДЕРЖАНИЯ
Код вида содержания (ISBD) i3
Код характеристики содержания (ISBD) axxe
182 #0 - ПОЛЕ КОДИРОВАННЫХ ДАННЫХ: ТИП СРЕДСТВА
Код типа средства (ISBD) n - непосредственное
200 1# - ЗАГЛАВИЕ И СВЕДЕНИЯ ОБ ОТВЕТСТВЕННОСТИ
Основное заглавие Lung tissue lobar and focal consolidation syndrome. Lung cavity syndrome
Сведения, относящиеся к заглавию tutorial for medical students
Первые сведения об ответственности Professor, PhD, MD, Doctor of science (medicine) Timofeev E. V., PhD, MD, Doctor of science (medicine) Sukhanov D. S., PhD, MD Reeva S. V. [et al.]
Последующие сведения об ответственности Ministry of health Russian Federation, Saint Petersburg state pediatric medical university
203 ## - ВИД СОДЕРЖАНИЯ И ТИП СРЕДСТВА
Вид содержания Текст
Дополнительные сведения об издании визуальный
Тип средства непосредственный
210 ## - ПУБЛИКАЦИЯ, РАСПРОСТРАНЕНИЕ И ДР.
Место издания, распространения и т.д. Saint-Petersburg
Имя издателя, распространителя и т. д. SPbGPMU
Дата издания, распространения и т.д. 2025
215 ## - ФИЗИЧЕСКАЯ ХАРАКТЕРИСТИКА
Специфическое обозначение материала и объем 22 с.
Другие сведения о физической характеристике ил., цв. ил.
Размеры 21
225 1# - СЕРИЯ
Основное заглавие серии Library of the Pediatric university
300 ## - ОБЩИЕ ПРИМЕЧАНИЯ
Текст примечания Авт. указаны на обороте тит. с.
320 ## - ПРИМЕЧАНИЯ О НАЛИЧИИ В ДОКУМЕНТЕ БИБЛИОГРАФИИ / УКАЗАТЕЛЯ
Текст примечания Библиогр.: с. 21 (9 назв.)
517 1# - ДРУГИЕ ВАРИАНТЫ ЗАГЛАВИЯ
Вариант заглавия Lung cavity syndrome
541 1# - ПЕРЕВОД ЗАГЛАВИЯ, СДЕЛАННЫЙ КАТАЛОГИЗАТОРОМ
Заглавие Долевой и очаговый синдром уплотнения легочной ткани. Синдром наличия полости в легком
606 1# - НАИМЕНОВАНИЕ ТЕМЫ КАК ПРЕДМЕТ
Наименование темы Легкие
Формальный подзаголовок Учебные издания для высших учебных заведений
Тематический подзаголовок Болезни
-- Этиология и патогенез
Системный номер авторитетной/нормативной записи 949968
Идентификатор авторитетной/нормативной записи RU\NLR\AUTH\66353001
606 1# - НАИМЕНОВАНИЕ ТЕМЫ КАК ПРЕДМЕТ
Наименование темы Легкие
Формальный подзаголовок Учебные издания для высших учебных заведений
Тематический подзаголовок Болезни
-- Диагностика
Системный номер авторитетной/нормативной записи 1470994
Идентификатор авторитетной/нормативной записи RU\NLR\AUTH\66624909
686 1# - ИНДЕКСЫ ДРУГИХ КЛАССИФИКАЦИЙ
Индекс Р412.3-1я73
686 1# - ИНДЕКСЫ ДРУГИХ КЛАССИФИКАЦИЙ
Индекс Р412.3-4я73
701 #1 - ИМЯ ЛИЦА - АЛЬТЕРНАТИВНАЯ ОТВЕТСТВЕННОСТЬ
Графика поля Латинская
Материалы, к которым относится поле rus
Начальный элемент ввода Timofeev
Часть имени, кроме начального элемента ввода E. V.
Дополнения к именам, кроме дат д-р мед. наук
Расширение инициалов личного имени Evgenij Vladimirovič
Системный номер авторитетной/нормативной записи 248867
Идентификатор авторитетной/нормативной записи RU\NLR\AUTH\770248923
701 #1 - ИМЯ ЛИЦА - АЛЬТЕРНАТИВНАЯ ОТВЕТСТВЕННОСТЬ
Графика поля Латинская
Материалы, к которым относится поле rus
Начальный элемент ввода Suchanov
Часть имени, кроме начального элемента ввода D. S.
Расширение инициалов личного имени Dmitrij Sergeevič
Системный номер авторитетной/нормативной записи 268206
Идентификатор авторитетной/нормативной записи RU\NLR\AUTH\770268262
701 #1 - ИМЯ ЛИЦА - АЛЬТЕРНАТИВНАЯ ОТВЕТСТВЕННОСТЬ
Начальный элемент ввода Reeva
Часть имени, кроме начального элемента ввода S. V.
Расширение инициалов личного имени Svetlana Veniaminovna
942 ## - ДОПОЛНИТЕЛЬНЫЕ ЭЛЕМЕНТЫ ЗАПИСИ (АБИС)
Тип экземпляра АБИС Книга
980 ## - КОЛЛЕКЦИЯ
Название коллекции Национальная библиография

Нет доступных экземпляров.